000 00478nam a22001817a 4500
005 20230131114947.0
008 230131b ||||| |||| 00| 0 eng d
040 _cAL
041 _aEnglish
082 _223
_a346.065
_bGEEB
100 _aS D Geet
_970245
245 _aBusiness Law
260 _aPune
_bSymbiosis Centre for Distance Learning
_c2008
300 _a460 p.
_bPB
_c24x17.7 cm.
650 _aBusiness Law
_970246
700 _aGEET (S D)
_970247
942 _2ddc
_cDB
999 _c226486
_d226486